=LDR 00000nam 2200000 4500 =001 INLIS000000000050288 =005 20170427084330 =035 ##$$a 0010-0417000103 =007 ta =008 170427###########################0###### =020 ##$$a 978 - 979 - 002 - 551 - 6 =082 ##$$a 636.6 =084 ##$$a 636.6 TUR b =100 #$$a Turut, Rusli =245 1#$$a Burung ocehan suara kontes /$c Rusli Turut =250 ##$$a Cet.2 =260 ##$$a Jakarta :$b Penebar Swadaya,$c 2013 =300 ##$$a iv, 108 hlm : $b Ilus ; $c 23 cm =650 ##$$a BURUNG =990 ##$$a 74507450 =990 ##$$a 74507450 =990 ##$$a 31700147 =990 ##$$a 02201707450 =990 ##$$a 31700148 =990 ##$$a 31700147